| 000 | 00561nam a22001697a 4500 | ||
|---|---|---|---|
| 999 |
_c15224 _d15224 |
||
| 003 | OSt | ||
| 082 | _2631.587 LEE/SI | ||
| 088 | _aT 118 | ||
| 100 |
_aLEENA DIVAKAR _92797 |
||
| 245 | _aSimulation of a reservoir system with multiple objectives | ||
| 260 |
_aTavanur 2001 _bKelappaji College of Agricultural Engineering and Tecchnology |
||
| 300 | _a126 | ||
| 500 | _aSimulation of a reservoir system with multiple objectives | ||
| 520 | _aSimulation of a reservoir system with multiple objectives | ||
| 700 |
_aEr. Mary Regina F (Guide) _92798 |
||
| 942 | _cTH | ||